The Amazing Devil - Ruin - All lyrics - Statistics

General Stats
  • This quiz has been taken 9 times
  • The average score is 273 of 293
Answer Stats
Answer % Correct
a
100%
again
100%
all
100%
and
100%
And
100%
at
100%
be
100%
be,
100%
Because
100%
Becomes
100%
been
100%
began
100%
brave
100%
brick
100%
bring
100%
broken
100%
brushes
100%
built
100%
but
100%
But
100%
by
100%
Cause
100%
come
100%
comfort
100%
could
100%
didn't
100%
different
100%
do
100%
done
100%
everything
100%
finger
100%
for
100%
happens
100%
how
100%
I
100%
I'd
100%
(I'll
100%
I'll
100%
In
100%
in
100%
intention
100%
it
100%
It
100%
It's
100%
it's
100%
jokes
100%
kind
100%
less
100%
like
100%
love
100%
made
100%
make
100%
me
100%
mine
100%
my
100%
never
100%
next
100%
not
100%
of
100%
Of
100%
Our
100%
our
100%
Out
100%
patient
100%
piano
100%
play
100%
promise
100%
really
100%
rebuild
100%
right
100%
rubble
100%
ruin
100%
said
100%
same
100%
sang
100%
save
100%
silence)
100%
sing
100%
sit
100%
song
100%
starts
100%
strength
100%
Than
100%
that
100%
the
100%
these
100%
things
100%
to
100%
To
100%
Tomorrow
100%
towers
100%
us
100%
wallpaper
100%
was
100%
we
100%
We
100%
were
100%
When
100%
when
100%
will
100%
wish
100%
with
100%
you
100%
you,
100%
You'll
100%
your
100%
am
75%
back
75%
bitten
75%
burn
75%
curses
75%
don't
75%
earth,
75%
fewer
75%
fill
75%
found
75%
get
75%
hands
75%
hows
75%
hundred
75%
if
75%
If
75%
laughter
75%
left,
75%
lips
75%
means
75%
mortar
75%
Nothing
75%
Oh
75%
pieces
75%
prepared
75%
prepares
75%
quite
75%
see
75%
show
75%
something
75%
stones
75%
talk.
75%
they
75%
those
75%
universes
75%
we'll
75%
we've
75%
what
75%
what's
75%
whens
75%
whys,
75%
cracks
50%
ground
50%
hurled
50%
known
50%
land
50%
or
50%
say,
50%
Stands
50%
theatres
50%
tune
50%
wound
50%
wreck
50%
can
25%
rest,
25%
silt
25%
burnt
0%
No matching quizzes found
Score Distribution
Percent of People with Each Score
Percentile by Number Answered
Your Score History
You have not taken this quiz